Ville française par musée - Statistiques

Statistiques générales
  • Ce quiz a été pris 1 067 fois
  • Le résultat moyen est 10 sur 17
Statistiques - réponses
Musée Ville % Correct
Musée d'Orsay Paris
100%
Futuroscope Poitiers
89%
Cité du Vin Bordeaux
80%
Palais des Ducs de Bourgogne Dijon
77%
Château des Ducs de Bretagne Nantes
76%
Cité de l'espace Toulouse
74%
Musée des confluences Lyon
72%
Vulcania Clermont-Ferrand
68%
Musée de la Maison Bonaparte Ajaccio
67%
Mucem Marseille
66%
Musée International de la Parfumerie Grasse
58%
La Piscine Roubaix
34%
Musée Matisse Nice
32%
Musée Unterlinden Colmar
31%
Musée Toulouse-Lautrec Albi
29%
Musée Fabre Montpellier
25%
LaM Lille
23%
Aucun quiz correspondant
Distribution des résultats
% des personnes avec chaque résultat
Percentile par nombre de réponses
Votre historique - résultats
Vous n’avez pas pris ce quiz